| 000 | 00868cab a2200313 4500 | ||
|---|---|---|---|
| 001 | X2848 | ||
| 008 | 090401t1995 xxu||||| |||| 00| 0 eng d | ||
| 035 | _a(Sirsi) u26819 | ||
| 041 | _aeng | ||
| 100 | _aKiel, K.A. | ||
| 245 | _aMeasuring the impact of the discovery and cleaning of identified hazardous waste sites on house values | ||
| 260 | _c1995 | ||
| 350 | _a0 | ||
| 490 |
_aLand Economics _v71(4) November 1995, 428-435(8) |
||
| 650 | _aCLEANING SITES | ||
| 650 | _aENVIRONMENTAL HAZARDS | ||
| 650 | _aHAZARDOUS WASTE | ||
| 650 |
_aHEALTH AND SAFETY _96244 |
||
| 650 | _aHOUSE PRICES | ||
| 650 | _aHOUSE VALUES | ||
| 650 | _aTOXIC WASTE | ||
| 650 | _aUNITED STATES OF AMERICA | ||
| 690 | _aENVIRONMENTAL AND LAND CONSULTANCY | ||
| 690 | _aHOUSING | ||
| 690 | _aLAND | ||
| 700 | _aPowell-Smith, V. | ||
| 942 | _n0 | ||
| 948 | _c04/03/1997 | ||
| 999 |
_c18060 _d18060 |
||